| 000 | 00771nam a2200205 4500 | ||
|---|---|---|---|
| 008 | 171110b xxu||||| |||| 00| 0 eng d | ||
| 020 | _a0-397-54908-3 | ||
| 082 |
_21992 _aDC 610.73076 _bEl5 |
||
| 100 |
_923193 _aEllis, Janice Rider |
||
| 245 |
_aModules for basic nursing skills/ _cJanice Rider Ellis, Elizabeth Ann Nowlis, Patricia M. Bentz. |
||
| 250 | _aFifth Edition | ||
| 260 |
_aPhiladelphia: _bJ.B. Lippincott Company, _c©1992. |
||
| 300 |
_axviii, 726 pages: _billustrations; _c26 cm. |
||
| 500 | _aIncludes bibliographical references and index. | ||
| 650 | 0 |
_923196 _aNursing _xOutlines, syllabi, etc. |
|
| 650 | 0 |
_923197 _aNursing _xProblems, exercises, etc. |
|
| 700 |
_923198 _aNowlis, Elizabeth A. |
||
| 700 |
_923199 _aBentz, Patricia M. |
||
| 942 |
_2ddc _cDC |
||
| 999 |
_c7713 _d7713 |
||